000 00842cab a2200217 4500
001 ABS68478
008 041117n2004 000 0 eng u
035 _a(Sirsi) u128020
100 _aJohnson, G.
245 _aDigging deep for practical answers on soil erosion
260 _c2004
490 _aFarmers' Weekly
_v141(18) 29 October 2004, 74-77(4)
520 _aExamines how the problem of soil erosion is being met in Devon where a combination of soil type and weather means the land is prone to erosion. Cross-compliance for the Single Payment Scheme means that farmers will need to apply a soil management plan by 2007.
590 _aABS
650 _aSOIL EROSION
650 _aFARMING PRACTICES
650 _aSOIL STABILISATION
650 _aSINGLE PAYMENT SCHEME
690 _aRURAL-AGRICULTURE AND FORESTRY
942 _n0
999 _c74604
_d74604